000 00310cam a22001097a 4500
008 180718b-- xxu||||| |||| 00| 0 eng d
082 _aA42x5412
100 _aWest Bengal. Legislative Department
245 _aWest Bengal acts and ordinances
260 _aAlipore
_bThe author
_c--
500 _aLibrary has 1949-1954
999 _c392151
_d392151